First class English for tourism

Αποθηκεύτηκε σε:
Λεπτομέρειες βιβλιογραφικής εγγραφής
Κύριος συγγραφέας: Stott, Trish
Μορφή: Βιβλίο
Γλώσσα:Undetermined
Έκδοση: Oxford Oxford University Press 1991
Θέματα:
Ετικέτες: Προσθήκη ετικέτας
Δεν υπάρχουν, Καταχωρήστε ετικέτα πρώτοι!
Thư viện lưu trữ: Trung tâm Học liệu Trường Đại học Cần Thơ
LEADER 00507nam a2200193Ia 4500
001 CTU_100166
008 210402s9999 xx 000 0 und d
020 |c 97000 
082 |a 428.24 
082 |b S888 
100 |a Stott, Trish 
245 0 |a First class English for tourism 
245 0 |c Trish Stott, Roger Holt 
260 |a Oxford 
260 |b Oxford University Press 
260 |c 1991 
650 |a English language 
904 |i Giang 
980 |a Trung tâm Học liệu Trường Đại học Cần Thơ